|
|
|
|
| LEADER |
00000nam a22000007a 4500 |
| 005 |
2018033007017.0 |
| 007 |
cr|||| |||| |
| 008 |
180330s2014 mx |||||s|||| 00||0 spa d |
| 020 |
|
|
|a 978-607-8156-24-5
|
| 035 |
|
|
|a 21165
|
| 040 |
|
|
|a vLex
|
| 090 |
|
|
|c 7582
|d 7582
|
| 100 |
1 |
|
|a Martn̕ez y Martn̕ez, Salvador
|
| 245 |
1 |
2 |
|a El proceso penal acusatorio
|h [Recurso electrn̤ico] :
|b Interpretacin̤ de la Ley y Argumentacin̤ Jurd̕ica /
|c Salvador Martn̕ez y Martn̕ez
|
| 256 |
|
|
|a Servicio en ln̕ea
|
| 260 |
|
|
|a Veracruz:
|b Universidad de Xalapa,
|c 2014
|
| 300 |
|
|
|a 1 recurso electrn̤ico (488 p.)
|
| 506 |
1 |
|
|a Disponible solo en los productos indicados
|d vLex Global
|d vLex Global (Academic Edition, excluding Law Schools)
|d vLex Global (U.S. Academic Edition, Law Schools)
|d vLex Global (U.S. Academic Edition, excluding Law Schools)
|d vLex Global (Academic Edition, Law Schools)
|
| 650 |
0 |
4 |
|a Derecho Penal
|z Mx̌ico
|
| 650 |
0 |
4 |
|a Procedimiento Penal
|z Mx̌ico
|
| 740 |
0 |
|
|a vLex Libros (Servicio en ln̕ea)
|
| 856 |
4 |
0 |
|u http://vlex.com/source/proceso-penal-acusatorio-interpretacion-ley-argumentacion-juridica-21165
|z Acceso restringido
|
| 942 |
|
|
|c BOOK
|
| 999 |
0 |
|
|a Criminal Law
|
| 999 |
0 |
|
|a Criminal Procedure
|